Statistics for -Ture Vocabulary Words

Click here to take the quiz!

General Stats

  • This quiz has been taken 139 times
  • The average score is 13 of 20

Answer Stats

hintword% Correct
artificial teethdenture
95%
talk given to a classlecture
89%
fully grownmature
89%
can be measured on the Kelvin scaletemperature
88%
household items, like chairs and tablesfurniture
86%
mountains, trees, rivers, animalsnature
83%
what artists paintpicture
80%
blend different things to get thismixture
79%
drawing of someone in cartoon stylecaricature
78%
exciting or interesting experienceadventure
73%
opera music played before the curtain risesoverture
69%
what authors writeliterature
68%
body movement to convey an ideagesture
64%
3-dimensional artsculpture
54%
happening ahead of schedulepremature
52%
joyful ecstasyrapture
40%
an animate beingcreature
36%
distinctive attributefeature
35%
formal bestowal of title or rankinvestiture
27%
taking of things as a fine or penaltyforfeiture
15%

Score Distribution

Percentile by Number Answered

Percent of People with Each Score

Your Score History

You have not taken this quiz